| 000 | 00663nam a22001937a 4500 | ||
|---|---|---|---|
| 003 | BD-DhUL | ||
| 005 | 20161026104146.0 | ||
| 008 | 161026s1989 b a|||| |||| 000 0 ben d | ||
| 040 |
_cBD-DhUL _dBD-DhUL |
||
| 082 |
_a891.443 _bHAA |
||
| 100 | 1 | _a হক ,হাসান আজিজুল | |
| 245 |
_aআমরা অপেক্ষা করছি / _cহাসান আজিজুল হক |
||
| 260 |
_aঢাকা : _bমুক্তধারা , _c১৯৮৯. |
||
| 300 |
_a ৮৫পৃ. : _c২২ সে. মি. |
||
| 365 |
_aBDT _b200.00 |
||
| 650 | _aবাংলা উপন্যাস | ||
| 650 | _aBengali novel | ||
| 942 |
_2ddc _cBK |
||
| 999 |
_c115215 _d115215 |
||